Analýza vplyvu technologických podmienok výroby na vlastnosti obalového plechu akosti TH 620, CA
Príspevok je zameraný na analýzu vplyvu technologických parametrov výroby (teplota zvinovacia, teplota dovalcovacia, úber 1. stolice v % a úber 2. stolice v %) na mechanické vlastností materiálu TH 620, CA určené jednoosovou skúškou ťahom. Obalové plechy - medza klzu, pevnosť v ťahu, ťažnosť, teplot...
Salvato in:
| Autore principale: | |
|---|---|
| Altri autori: | , |
| Natura: | Capitolo di libro |
| Lingua: | slovacco |
| Soggetti: | |
| Tags: |
Nessun Tag, puoi essere il primo ad aggiungerne!!
|
MARC
| LEADER | 00000nla a2200000 4500 | ||
|---|---|---|---|
| 001 | 0221189 | ||
| 005 | 20240502073632.4 | ||
| 041 | 0 | |a slo | |
| 044 | |a SK | ||
| 245 | 1 | 0 | |a Analýza vplyvu technologických podmienok výroby na vlastnosti obalového plechu akosti TH 620, CA |c Emília Duľová Spišáková, Marek Čižmár, Emil Spišák |
| 520 | |a Príspevok je zameraný na analýzu vplyvu technologických parametrov výroby (teplota zvinovacia, teplota dovalcovacia, úber 1. stolice v % a úber 2. stolice v %) na mechanické vlastností materiálu TH 620, CA určené jednoosovou skúškou ťahom. Obalové plechy - medza klzu, pevnosť v ťahu, ťažnosť, teplota zvinovania, teplota dovalcovania. | ||
| 610 | 2 | 0 | |a materiál |
| 610 | 2 | 0 | |a materiály nové |
| 610 | 2 | 0 | |a mechanika presná |
| 610 | 2 | 0 | |a výroba |
| 610 | 2 | 0 | |a technológia |
| 100 | 1 | |a Duľová Spišáková, Emília, 1983- | |
| 700 | 1 | |a Čižmár, Marek | |
| 700 | 1 | |a Spišák, Emil | |